000
00269nam a22001337a 4500
008
170210b xxu||||| |||| 00| 0 eng d
020
_a
rn4012g
041
_a
eng
080
_a
618.2
100
_a
2
101
_a
INF
245
_a
THE BASIC
_c
ARIKIAN
942
_2
udc
_c
BK
999
_c
5189
_d
5189